Welcome to CU Library Online Public Access Catalogue (OPAC)

Cost Accounting: (Record no. 2835)

MARC details
000 -LEADER
fixed length control field 00640nam a22002057a 4500
005 - DATE AND TIME OF LATEST TRANSACTION
control field 20250122170415.0
008 - FIXED-LENGTH DATA ELEMENTS--GENERAL INFORMATION
fixed length control field 250122b |||||||| |||| 00| 0 eng d
020 ## - INTERNATIONAL STANDARD BOOK NUMBER
International Standard Book Number 9781292018225
050 ## - LIBRARY OF CONGRESS CALL NUMBER
Classification number HF5686
Item number .C8H59 HOR
100 ## - MAIN ENTRY--PERSONAL NAME
Personal name Horngren Charles T.
245 ## - TITLE STATEMENT
Title Cost Accounting:
Remainder of title A Managerial Emphasis/
Statement of responsibility, etc. Charles T. Horngren, Srikant M. Datar & Madhav V. Rajan
250 ## - EDITION STATEMENT
Edition statement 15th Ed.
260 ## - PUBLICATION, DISTRIBUTION, ETC.
Place of publication, distribution, etc. Boston
Name of publisher, distributor, etc. Pearson Education Ltd.
Date of publication, distribution, etc. 2015
300 ## - PHYSICAL DESCRIPTION
Extent 960p.
Other physical details ill. col.
Dimensions 27.5 cm x 21.5 cm
500 ## - GENERAL NOTE
General note Includes Index
650 ## - SUBJECT ADDED ENTRY--TOPICAL TERM
Source of heading or term Accounting
700 ## - ADDED ENTRY--PERSONAL NAME
Personal name Datar Srikant M.
700 ## - ADDED ENTRY--PERSONAL NAME
Personal name Rajan Madhav V.
942 ## - ADDED ENTRY ELEMENTS (KOHA)
Source of classification or shelving scheme Library of Congress Classification
Koha item type Books
Edition 15th Ed.
Suppress in OPAC No
999 ## -
-- 2835
-- 2835
Holdings
Withdrawn status Lost status Source of classification or shelving scheme Damaged status Not for loan Collection Home library Current library Shelving location Date acquired Total checkouts Full call number Barcode Date last seen Copy number Price effective from Koha item type
    Library of Congress Classification     Non-fiction Business Library (Miotso) Business Library (Miotso) General stacks 01/22/2025   HF5686 .C8H59 HOR BSSM00000556 01/22/2025 1 01/22/2025 Books
    Library of Congress Classification     Non-fiction Business Library (Miotso) Business Library (Miotso) General stacks 01/22/2025   HF5686 .C8H59 HOR BSSM00000557 01/22/2025 2 01/22/2025 Books
    Library of Congress Classification       Graduate Library (Christ Temple) Graduate Library (Christ Temple) General stacks 02/23/2026   HF 5686.C8H59 HOR gsct00002824 02/23/2026   02/23/2026 Books
© 2023-2024 Copyright: Central University Libraries. All Rights Reserved | Created by: Mahone Tech Office